[Event "Barcelona GM 2016"]
[Site "Barcelona ESP"]
[Date "2016.10.22"]
[Round "1.2"]
[White "Munoz, Miguel"]
[Black "Anton Guijarro, David"]
[Result "0-1"]
[WhiteTitle "GM"]
[BlackTitle "GM"]
[WhiteElo "2471"]
[BlackElo "2628"]
[WhiteFideId "3800229"]
[BlackFideId "2285525"]
[EventDate "2016.10.22"]

1. e4 e5 2. Nf3 Nc6 3. Bb5 a6 4. Ba4 Nf6 5. Bxc6 dxc6 6. O-O Nxe4 7. Re1 Nd6 8.
Nxe5 Be7 9. Qe2 Nf5 10. Nf3 O-O 11. d3 Re8 12. Nc3 Be6 13. Bf4 h6 14. h3 c5 15.
Qd2 Nd4 16. Re3 a5 17. a4 c6 18. Rae1 Bf8 19. b3 Kh7 20. Ne4 b6 21. Qd1 f6 22.
Ned2 Bf7 23. Rxe8 Bxe8 24. Nxd4 cxd4 25. Qf3 Bb4 26. Re2 b5 27. Ne4 bxa4 28.
bxa4 Qd5 29. Bd2 Bxd2 30. Nxd2 Qxf3 31. gxf3 c5 32. Nb3 Bxa4 33. Nxc5 Bc6 34.
Re1 a4 35. Ra1 Rd8 36. Kg2 Kg6 37. Ra3 Kf5 38. Kf1 Ra8 39. Ke2 Ke5 40. Ne4 Kf4
41. c3 dxc3 42. Rxc3 a3 0-1

[Event "Barcelona GM 2016"]
[Site "Barcelona ESP"]
[Date "2016.10.22"]
[Round "1.3"]
[White "Zvjaginsev, Vadim"]
[Black "Asis Gargatagli, Hipolito"]
[Result "1-0"]
[WhiteTitle "GM"]
[BlackTitle "IM"]
[WhiteElo "2673"]
[BlackElo "2499"]
[WhiteFideId "4113403"]
[BlackFideId "2260735"]
[EventDate "2016.10.22"]

1. e4 c5 2. Nf3 d6 3. Bd3 Nf6 4. O-O Nc6 5. Re1 g6 6. Bb5 Bd7 7. c3 Bg7 8. d4
O-O 9. dxc5 dxc5 10. Bg5 Qb6 11. Na3 Rad8 12. Qc2 h6 13. Be3 Ng4 14. Bf4 Nce5
15. Nxe5 Nxe5 16. Be2 Be6 17. Be3 Ng4 18. Bxg4 Bxg4 19. f3 Be6 20. Qf2 Rc8 21.
f4 f5 22. exf5 Rxf5 23. Qe2 Bf7 24. Rac1 Qc6 25. Nc4 b5 26. Ne5 Bxe5 27. fxe5
Rxe5 1-0

[Event "Barcelona GM 2016"]
[Site "Barcelona ESP"]
[Date "2016.10.22"]
[Round "1.4"]
[White "Naiditsch, Arkadij"]
[Black "Peralta, Fernando"]
[Result "1-0"]
[WhiteTitle "GM"]
[BlackTitle "GM"]
[WhiteElo "2684"]
[BlackElo "2577"]
[WhiteFideId "4650891"]
[BlackFideId "105309"]
[EventDate "2016.10.22"]

1. e4 c6 2. d4 d5 3. e5 Bf5 4. Nf3 e6 5. Be2 Ne7 6. O-O h6 7. Nbd2 Nd7 8. a4 c5
9. dxc5 Nc6 10. Nb3 Bg4 11. a5 a6 12. Be3 Bxf3 13. Bxf3 Ncxe5 14. Bh5 Be7 15.
Nd4 O-O 16. b4 Nc4 17. Bc1 Nf6 18. Be2 Qd7 19. Re1 Rad8 20. Nf3 Ne4 21. Bxc4 Bf6
22. Ra3 Nc3 23. Qd3 dxc4 24. Qxc4 Nd5 25. Rd3 Qa4 26. Bd2 Ne7 27. h4 Nc6 28. g4
Nxa5 29. Qe4 Rxd3 30. Qxd3 Rd8 31. Qe4 Rxd2 32. Nxd2 Nc6 33. Rb1 Bc3 34. Nc4
Bxb4 35. Ne5 Nxe5 36. Rxb4 Qa1+ 37. Kg2 Ng6 38. Rxb7 Nxh4+ 39. Kh2 g5 40. c6 Qc3
41. Rd7 Nf3+ 42. Kg2 Ne1+ 43. Kf1 Nxc2 44. c7 Kg7 45. Rxf7+ 1-0

[Event "Barcelona GM 2016"]
[Site "Barcelona ESP"]
[Date "2016.10.23"]
[Round "2.1"]
[White "Lopez Martinez, Josep Manuel"]
[Black "Peralta, Fernando"]
[Result "1-0"]
[WhiteTitle "GM"]
[BlackTitle "GM"]
[WhiteElo "2547"]
[BlackElo "2577"]
[WhiteFideId "2212943"]
[BlackFideId "105309"]
[EventDate "2016.10.22"]

1. Nf3 d5 2. g3 Nf6 3. Bg2 Bf5 4. O-O e6 5. c4 c6 6. cxd5 exd5 7. d3 Be7 8. Qb3
Qc8 9. Nc3 O-O 10. Nd4 Bg6 11. e4 dxe4 12. dxe4 Na6 13. Qc4 Rd8 14. Rd1 Bc5 15.
Nb3 Rxd1+ 16. Nxd1 Bb6 17. Be3 Qe6 18. Qxe6 fxe6 19. f3 e5 20. Bf1 Nb4 21. Bc4+
Bf7 22. Bxf7+ Kxf7 23. Bxb6 axb6 24. a3 Nc2 25. Rc1 Rd8 26. Rxc2 Rxd1+ 27. Kf2
g5 28. Nd2 b5 29. Nf1 g4 30. Ne3 Rh1 31. Kg2 Re1 32. Nxg4 Nxg4 33. fxg4 Rxe4 34.
g5 b4 35. h4 b3 36. Rf2+ Kg7 37. Kh3 Rc4 38. Rf3 b5 39. Rxb3 Rc2 40. Kg4 Rf2 41.
Kh5 e4 42. Re3 Rxb2 43. Rxe4 Rb3 44. Re7+ Kg8 45. Kh6 Rxg3 46. Rg7+ Kf8 47. Rxh7
Rxa3 48. g6 Rg3 49. Rc7 1-0

[Event "Barcelona GM 2016"]
[Site "Barcelona ESP"]
[Date "2016.10.23"]
[Round "2.2"]
[White "Asis Gargatagli, Hipolito"]
[Black "Naiditsch, Arkadij"]
[Result "1/2-1/2"]
[WhiteTitle "IM"]
[BlackTitle "GM"]
[WhiteElo "2499"]
[BlackElo "2684"]
[WhiteFideId "2260735"]
[BlackFideId "4650891"]
[EventDate "2016.10.22"]

1. e4 e5 2. Nf3 Nc6 3. Bc4 Bc5 4. c3 Nf6 5. d3 O-O 6. O-O d5 7. exd5 Nxd5 8. a4
a5 9. Nbd2 Nb6 10. Bb5 Bd6 11. Ne4 Na7 12. d4 Nxb5 13. axb5 exd4 14. Nxd6 Qxd6
15. Nxd4 Be6 16. Qf3 Bd5 17. Qg4 Qg6 18. Qxg6 fxg6 19. b3 a4 20. Ba3 Rfd8 21.
bxa4 Bc4 22. Rfe1 Rxa4 23. Bb2 Rda8 24. h3 Rxa1 25. Rxa1 Rxa1+ 26. Bxa1 Na4 27.
f4 Kf7 28. Kf2 Ke7 29. Ke3 Kd6 30. f5 gxf5 31. Nxf5+ Kc5 32. Nxg7 Bf7 33. Kf4
Kxb5 34. Ke5 Kc4 35. Kf6 Bd5 36. Nf5 Kb3 37. Ne3 Bxg2 38. Nxg2 Ka2 39. Kg7 Kxa1
40. c4 Nb6 41. Ne3 h5 42. h4 Kb2 1/2-1/2

[Event "Barcelona GM 2016"]
[Site "Barcelona ESP"]
[Date "2016.10.23"]
[Round "2.3"]
[White "Anton Guijarro, David"]
[Black "Zvjaginsev, Vadim"]
[Result "1/2-1/2"]
[WhiteTitle "GM"]
[BlackTitle "GM"]
[WhiteElo "2628"]
[BlackElo "2673"]
[WhiteFideId "2285525"]
[BlackFideId "4113403"]
[EventDate "2016.10.22"]

1. Nf3 Nf6 2. c4 c5 3. Nc3 e6 4. g3 d5 5. cxd5 Nxd5 6. Bg2 Nc6 7. d4 cxd4 8.
Nxd4 Nxc3 9. bxc3 Nxd4 10. Qxd4 Qxd4 11. cxd4 Bb4+ 12. Bd2 Bxd2+ 13. Kxd2 Rb8
14. Rhc1 Kd8 15. Rc3 Re8 16. f4 b6 17. g4 Bb7 18. Bxb7 Rxb7 19. Rac1 Kd7 20. g5
Rh8 21. h4 b5 22. Ra3 Ra8 23. Ra5 a6 24. Rc5 Rb6 25. a4 bxa4 26. Rxa4 Rb2+ 27.
Ke3 Rb3+ 28. Ke4 Rh3 29. Rca5 Rxh4 30. Rxa6 Rxa6 31. Rxa6 h6 32. Ke5 f6+ 33.
gxf6 gxf6+ 34. Kxf6 Rxf4+ 35. Ke5 Rf5+ 36. Ke4 Ke7 37. Kd3 h5 38. e4 Rf3+ 39.
Ke2 Rb3 40. d5 exd5 41. exd5 Rb5 42. Re6+ Kd7 43. Re5 Kd6 44. Rxh5 Rxd5 45.
Rxd5+ Kxd5 1/2-1/2

[Event "Barcelona GM 2016"]
[Site "Barcelona ESP"]
[Date "2016.10.24"]
[Round "3.1"]
[White "Munoz, Miguel"]
[Black "Lopez Martinez, Josep Manuel"]
[Result "0-1"]
[WhiteTitle "GM"]
[BlackTitle "GM"]
[WhiteElo "2471"]
[BlackElo "2547"]
[WhiteFideId "3800229"]
[BlackFideId "2212943"]
[EventDate "2016.10.22"]

1. e4 c5 2. Nf3 e6 3. d4 cxd4 4. Nxd4 Nf6 5. Nd2 d6 6. Bb5+ Nbd7 7. O-O Be7 8.
Re1 O-O 9. b3 Qc7 10. Bb2 Nc5 11. Bf1 Rd8 12. c4 a6 13. b4 Ncd7 14. Rc1 b6 15.
a3 Bb7 16. f4 e5 17. Nf5 Bf8 18. Qf3 Re8 19. Bd3 a5 20. b5 exf4 21. Qxf4 Ne5 22.
Bb1 g6 23. Ne3 Bg7 24. Bxe5 Rxe5 25. Nd5 Qc5+ 26. Kh1 Nd7 27. Nf3 Ree8 28. Rf1
Bxd5 29. cxd5 Qxa3 30. Rc6 Be5 31. Qh6 Ra7 32. Ng5 Nf8 33. Nf3 a4 34. Nxe5 dxe5
35. Rxb6 Qc5 36. Rbf6 Qxb5 37. Ba2 Qe2 38. R6f2 Qxe4 39. d6 Ne6 40. Rf3 Nf4 41.
Qh4 Qc6 42. g3 Ne6 0-1

[Event "Barcelona GM 2016"]
[Site "Barcelona ESP"]
[Date "2016.10.24"]
[Round "3.3"]
[White "Naiditsch, Arkadij"]
[Black "Anton Guijarro, David"]
[Result "0-1"]
[WhiteTitle "GM"]
[BlackTitle "GM"]
[WhiteElo "2684"]
[BlackElo "2628"]
[WhiteFideId "4650891"]
[BlackFideId "2285525"]
[EventDate "2016.10.22"]

1. e4 e5 2. Nf3 Nc6 3. Bb5 a6 4. Ba4 Nf6 5. d3 b5 6. Bb3 Bc5 7. a4 b4 8. Nbd2 d6
9. Nc4 Bg4 10. c3 Rb8 11. Ba2 bxc3 12. bxc3 d5 13. exd5 Nxd5 14. Bd2 O-O 15. O-O
Bh5 16. Re1 f6 17. Re4 Kh8 18. Rh4 Bg6 19. d4 exd4 20. cxd4 Ba7 21. Bb1 Nde7 22.
Bxg6 Nxg6 23. Rh3 Nxd4 24. Bc3 Ne6 25. Qc2 Nef4 26. Rg3 Qd5 27. Be1 Rfe8 28. Kf1
Re2 29. Ncd2 Rbe8 30. Qc4 Qd3 31. Qxd3 Nxd3 0-1

[Event "Barcelona GM 2016"]
[Site "Barcelona ESP"]
[Date "2016.10.24"]
[Round "3.4"]
[White "Peralta, Fernando"]
[Black "Asis Gargatagli, Hipolito"]
[Result "1/2-1/2"]
[WhiteTitle "GM"]
[BlackTitle "IM"]
[WhiteElo "2577"]
[BlackElo "2499"]
[WhiteFideId "105309"]
[BlackFideId "2260735"]
[EventDate "2016.10.22"]

1. d4 Nf6 2. c4 e6 3. Nc3 Bb4 4. e3 O-O 5. Bd3 c5 6. a3 Bxc3+ 7. bxc3 Nc6 8. Rb1
b6 9. e4 d5 10. cxd5 exd5 11. e5 Ne4 12. Ne2 Bg4 13. Bb2 Qg5 14. Qc1 f6 15. Qxg5
Nxg5 16. Bb5 Rac8 17. exf6 Bxe2 18. Bxe2 Rfe8 19. fxg7 cxd4 20. cxd4 Na5 21. Rc1
Nc4 22. Ba1 Nxa3 23. Rxc8 Rxc8 24. O-O Kxg7 25. Ba6 Rc7 26. Bb2 Nc4 27. Bc1 Ne6
28. Rd1 Kf7 29. h4 Nd6 30. Bd3 h5 31. Be2 Kg6 32. Bd3+ Kf7 33. Be2 Kg6 34. Bd3+
Kf7 35. Be2 1/2-1/2

[Event "Barcelona GM 2016"]
[Site "Barcelona ESP"]
[Date "2016.10.25"]
[Round "4.1"]
[White "Lopez Martinez, Josep Manuel"]
[Black "Asis Gargatagli, Hipolito"]
[Result "1/2-1/2"]
[WhiteTitle "GM"]
[BlackTitle "IM"]
[WhiteElo "2547"]
[BlackElo "2499"]
[WhiteFideId "2212943"]
[BlackFideId "2260735"]
[EventDate "2016.10.22"]

1. e4 c5 2. Nf3 d6 3. d4 cxd4 4. Nxd4 Nf6 5. Nc3 a6 6. f3 e5 7. Nb3 Be6 8. Be3
Be7 9. Qd2 h5 10. Be2 Nbd7 11. a4 Nb6 12. O-O Rc8 13. a5 Nc4 14. Bxc4 Rxc4 15.
Rfd1 O-O 16. Bg5 Rc6 17. Nc1 b6 18. Nb3 b5 19. Nc1 Qc7 20. Nd3 Rc4 21. Rac1 Rc8
22. Kh1 Kh8 23. Na2 d5 24. exd5 Bxd5 25. Nab4 Bb7 26. c3 e4 27. Bf4 Qd7 28. Ne5
Qxd2 29. Bxd2 exf3 30. Nxc4 Rxc4 31. Be3 Re4 32. Bd4 Bxb4 33. cxb4 Re2 34. Bxf6
gxf6 35. gxf3 Bxf3+ 36. Kg1 Rg2+ 37. Kf1 Rxh2 38. Rd8+ Kg7 39. Rc3 Bg4 40. Rd6
Rxb2 41. Rxa6 Rxb4 42. Rb6 Rb1+ 43. Kf2 b4 44. Rc7 Rb2+ 45. Ke3 Re2+ 46. Kf4
Rf2+ 47. Ke3 Re2+ 48. Kf4 Rf2+ 49. Ke3 Re2+ 1/2-1/2

[Event "Barcelona GM 2016"]
[Site "Barcelona ESP"]
[Date "2016.10.25"]
[Round "4.2"]
[White "Anton Guijarro, David"]
[Black "Peralta, Fernando"]
[Result "1/2-1/2"]
[WhiteTitle "GM"]
[BlackTitle "GM"]
[WhiteElo "2628"]
[BlackElo "2577"]
[WhiteFideId "2285525"]
[BlackFideId "105309"]
[EventDate "2016.10.22"]

1. d4 Nf6 2. c4 e6 3. Nc3 Bb4 4. e3 O-O 5. Bd3 c5 6. Nf3 d5 7. O-O cxd4 8. exd4
dxc4 9. Bxc4 b6 10. Qe2 Bb7 11. Bg5 Bxc3 12. bxc3 Nbd7 13. Bd3 Qc7 14. Rac1 Ng4
15. Be4 Bxe4 16. Qxe4 Ngf6 17. Qe2 h6 18. Be3 Rac8 19. c4 Qb7 20. a4 Qa6 21. Qa2
Rc6 22. Rc2 Rfc8 23. Rfc1 Ne4 24. h3 Nd6 25. Nd2 Nf5 26. Qb3 Nf6 27. Nf3 Nxe3
28. fxe3 R6c7 29. Nd2 Qb7 30. Qd3 Qa6 31. Ra2 Ne8 32. Kh2 Nd6 33. e4 e5 34. dxe5
Nb7 35. Nf3 Nc5 36. Qe3 Ne6 37. Qe2 Qa5 38. Rb1 Nd4 39. Qe1 Nxf3+ 40. gxf3 Qxe5+
41. Qg3 Qxg3+ 42. Kxg3 Rxc4 43. a5 R8c6 44. axb6 axb6 45. Rb3 Rg6+ 46. Kf2 Rf6
47. Kg3 Rg6+ 48. Kf2 Rc5 49. Rab2 Rcc6 50. h4 Rgd6 51. h5 Rc5 52. Rxb6 Rxb6 53.
Rxb6 Rxh5 54. f4 g6 55. Rb8+ Kg7 56. Rb7 Rh2+ 57. Kf3 Rh3+ 58. Kf2 Rh4 59. Ke3
Rh3+ 60. Kf2 Ra3 61. e5 Ra6 62. Kf3 h5 63. Kg3 Ra3+ 64. Kf2 Ra6 65. Kg3 Rc6 66.
Ra7 Rc3+ 67. Kf2 Rc6 68. Kg3 Kf8 69. Kf3 Rc3+ 70. Kf2 h4 71. Ra8+ Kg7 72. Ra7
Rc2+ 73. Kf3 h3 74. Ra1 h2 75. Rh1 g5 76. f5 Rc4 77. f6+ Kg6 78. Rxh2 Rf4+ 79.
Ke3 Kf5 80. Rh7 Ke6 81. Rg7 Rf5 82. Kd4 Rxe5 83. Rxf7 Rf5 84. Rf8 Rxf6 1/2-1/2

[Event "Barcelona GM 2016"]
[Site "Barcelona ESP"]
[Date "2016.10.25"]
[Round "4.4"]
[White "Munoz, Miguel"]
[Black "Zvjaginsev, Vadim"]
[Result "1/2-1/2"]
[WhiteTitle "GM"]
[BlackTitle "GM"]
[WhiteElo "2471"]
[BlackElo "2673"]
[WhiteFideId "3800229"]
[BlackFideId "4113403"]
[EventDate "2016.10.22"]

1. e4 Nf6 2. e5 Nd5 3. d4 d6 4. c4 Nb6 5. Nf3 g6 6. Be2 Bg7 7. O-O O-O 8. exd6
cxd6 9. Nc3 Bg4 10. c5 dxc5 11. dxc5 N6d7 12. Be3 Nc6 13. Qa4 Bxf3 14. Bxf3 Nde5
15. Bxc6 Nxc6 16. Rad1 Qa5 17. Qxa5 Nxa5 18. Rd7 Bxc3 19. bxc3 Rfe8 20. Rb1 Rad8
21. c6 Nxc6 22. Rdxb7 Rd3 23. c4 Rc8 24. Bxa7 Ra3 25. Bc5 Rxa2 26. Bxe7 Nxe7 27.
Rxe7 Rxc4 28. Re8+ Kg7 29. Re3 Rf4 30. Rf1 h5 31. g3 Rf5 32. h4 Rb2 33. Kg2 Ra2
34. Rf3 Rxf3 35. Kxf3 Rb2 36. Rd1 Ra2 37. Rc1 Rb2 38. Rd1 Ra2 39. Rc1 Rb2 40.
Rd1 Ra2 1/2-1/2

[Event "Barcelona GM 2016"]
[Site "Barcelona ESP"]
[Date "2016.10.26"]
[Round "5.1"]
[White "Zvjaginsev, Vadim"]
[Black "Lopez Martinez, Josep Manuel"]
[Result "1-0"]
[WhiteTitle "GM"]
[BlackTitle "GM"]
[WhiteElo "2673"]
[BlackElo "2547"]
[WhiteFideId "4113403"]
[BlackFideId "2212943"]
[EventDate "2016.10.22"]

1. e4 e5 2. Bc4 Nf6 3. d3 c6 4. Nf3 d5 5. Bb3 Bb4+ 6. Bd2 Bxd2+ 7. Qxd2 a5 8. a4
Qd6 9. h3 O-O 10. Nc3 Be6 11. exd5 Bxd5 12. Nxd5 Nxd5 13. O-O Nd7 14. Rfe1 Rfe8
15. d4 e4 16. Nh2 Kh8 17. Qg5 h6 18. Qg3 Qxg3 19. fxg3 f5 20. Bxd5 cxd5 21. Nf1
Nb6 22. Ne3 Rac8 23. c3 Rf8 24. Ra3 Nc4 25. Rb3 Nxe3 26. Rxe3 Rfd8 27. Rxb7 Rb8
28. Rxb8 Rxb8 29. Re2 g6 30. Kf2 Kg7 31. Ke1 Kf6 32. Kd1 g5 33. Kc2 f4 34. Rf2
Kf5 35. g4+ Ke6 36. Rf1 Kd6 37. h4 e3 38. h5 Re8 39. Re1 Rc8 40. Kd3 Rc4 41. Ra1
Rc8 42. Ke2 Rb8 43. Rb1 Rc8 44. Kf3 Re8 45. Re1 Rb8 46. Re2 Rc8 47. g3 Rf8 48.
Rg2 Re8 49. gxf4 gxf4 50. Rg1 Re4 51. Rd1 Kc7 52. Rh1 Kd6 53. Rd1 Kc7 54. b4 Kb7
55. b5 Kc7 56. c4 e2 57. Re1 Rxd4 58. c5 Rxa4 59. Rxe2 Rb4 60. Re7+ Kd8 61. Rb7
a4 62. b6 a3 63. Ra7 Rb3+ 64. Kxf4 d4 65. Ke5 d3 66. Ke6 Kc8 67. Kd6 Rb1 68. Kc6 1-0

[Event "Barcelona GM 2016"]
[Site "Barcelona ESP"]
[Date "2016.10.26"]
[Round "5.2"]
[White "Naiditsch, Arkadij"]
[Black "Munoz, Miguel"]
[Result "1/2-1/2"]
[WhiteTitle "GM"]
[BlackTitle "GM"]
[WhiteElo "2684"]
[BlackElo "2471"]
[WhiteFideId "4650891"]
[BlackFideId "3800229"]
[EventDate "2016.10.22"]

1. e4 d5 2. exd5 Qxd5 3. Nc3 Qa5 4. d4 Nf6 5. Bd2 Bg4 6. f3 Bd7 7. Bc4 Qb6 8.
Nge2 e6 9. a4 a5 10. O-O Be7 11. Ne4 Bc6 12. Nxf6+ Bxf6 13. Be3 O-O 14. c3 Bd5
15. Bd3 Qd6 16. Ng3 Nd7 17. Nh5 Rfe8 18. Bf2 Bg5 19. Bg3 Qb6 20. c4 Be3+ 21. Kh1
Bc6 22. d5 exd5 23. cxd5 Bxd5 24. Bxh7+ Kxh7 25. Qxd5 Qe6 26. Qd3+ Qg6 27. Qxd7
Qxh5 28. Rfe1 Kg8 29. Qxc7 b6 30. Rad1 Qf5 31. Qc6 Rac8 32. Qb7 Bc5 33. h3 Rxe1+
34. Rxe1 Rd8 35. Kh2 Qc2 36. Bc7 Qf2 37. Rb1 Re8 38. Rd1 Qxb2 39. Qc6 Re6 40.
Rd8+ Kh7 41. Qd5 Qf2 42. Qh5+ Rh6 43. Qf5+ Rg6 44. Qh5+ Rh6 45. Qf5+ Rg6 46.
Qh5+ 1/2-1/2

[Event "Barcelona GM 2016"]
[Site "Barcelona ESP"]
[Date "2016.10.26"]
[Round "5.4"]
[White "Asis Gargatagli, Hipolito"]
[Black "Anton Guijarro, David"]
[Result "1-0"]
[WhiteTitle "IM"]
[BlackTitle "GM"]
[WhiteElo "2499"]
[BlackElo "2628"]
[WhiteFideId "2260735"]
[BlackFideId "2285525"]
[EventDate "2016.10.22"]

1. e4 c6 2. d4 d5 3. Nd2 dxe4 4. Nxe4 Bf5 5. Ng3 Bg6 6. N1e2 Nd7 7. h4 h6 8. Nf4
Bh7 9. Bc4 e5 10. Qe2 Bd6 11. Ngh5 Kf8 12. dxe5 Nxe5 13. Be3 Qa5+ 14. Bd2 Qc5
15. Bb3 Re8 16. O-O-O Bc7 17. Bc3 g5 18. Rd7 Qxc3 19. bxc3 Nxd7 20. Qc4 Re7 21.
Nd3 Bg6 22. Qd4 Ne5 23. Ng3 Bb6 24. Nc5 Kg7 25. a4 gxh4 26. f4 hxg3 27. fxe5 h5
28. e6+ f6 29. Qb4 Nh6 30. a5 Bc7 31. Nd7 Rhe8 32. Qd4 Ng4 33. Rf1 Be5 34. Nxe5
fxe5 35. Qd2 e4 36. Qd6 e3 37. Qxg3 Rxe6 38. Bxe6 Rxe6 39. Qc7+ Kh6 40. Qf4+ Kh7
41. Qc7+ Kh6 42. Qxb7 Rd6 43. Rd1 Rf6 44. Rd8 Rf7 45. a6 Ne5 46. Kd1 Rf1+ 47.
Ke2 Rf2+ 48. Ke1 Rxg2 49. Rh8+ Kg5 50. Qe7+ Kf5 51. Rf8+ Ke4 52. Qb4+ Kd5 53.
Qd4+ Ke6 54. Qxe3 Rxc2 55. Rg8 Rg2 56. Rg7 Rg4 57. Qxa7 Kd5 58. Rd7+ Ke6 59.
Re7+ Kd5 60. Rxe5+ Kxe5 61. Qc5+ 1-0

[Event "Barcelona GM 2016"]
[Site "Barcelona ESP"]
[Date "2016.10.27"]
[Round "6.1"]
[White "Lopez Martinez, Josep Manuel"]
[Black "Anton Guijarro, David"]
[Result "0-1"]
[WhiteTitle "GM"]
[BlackTitle "GM"]
[WhiteElo "2547"]
[BlackElo "2628"]
[WhiteFideId "2212943"]
[BlackFideId "2285525"]
[EventDate "2016.10.22"]

1. Nf3 Nf6 2. g3 b6 3. Bg2 Bb7 4. O-O e6 5. c4 Be7 6. d4 O-O 7. Nc3 Ne4 8. Bd2
Bf6 9. Rc1 d6 10. Qc2 Nxd2 11. Qxd2 Nd7 12. d5 e5 13. e4 a5 14. h4 Bc8 15. Bh3
Nc5 16. Bxc8 Qxc8 17. Kg2 Be7 18. Qe2 f5 19. Nd2 f4 20. Rh1 Rf7 21. Rcf1 Qd7 22.
b3 Raf8 23. f3 fxg3 24. Nd1 Qd8 25. h5 Bg5 26. Ne3 Bxe3 27. Qxe3 Rf4 28. Rh3 Rh4
29. Rfh1 Rff4 30. Nf1 Rxh3 31. Rxh3 Qg5 32. Nxg3 Kf7 33. Kf2 Kf6 34. Ke2 Rh4 35.
Rxh4 Qxh4 36. Qg1 g6 37. hxg6 hxg6 38. Nf1 Qg5 39. Qh2 Qh5 40. Ke3 Qxh2 41. Nxh2
Kg5 42. Nf1 Kh4 43. Nd2 Kg3 44. Nb1 Na6 45. Nc3 Nb4 46. Ne2+ Kh4 47. Nc3 Nc2+
48. Kf2 Nd4 49. Nd1 Kg5 50. Ne3 Kf6 51. Nd1 Kg5 52. Ne3 Kh4 53. Nd1 Nc2 54. Nc3
Na3 55. Kg2 g5 56. Nd1 Nc2 57. Nc3 Nd4 58. Kf2 Kh3 59. Nd1 Nc2 60. Nc3 Na3 61.
Nd1 Nb1 62. a4 Nd2 63. Nc3 Nxb3 64. Nb5 Nc5 65. Nxc7 Nxa4 66. Nb5 Nc5 67. Nxd6
a4 68. Nb5 Nb7 69. Ke3 Kg3 70. Ke2 Kg2 71. d6 a3 72. Nxa3 Nxd6 73. c5 bxc5 74.
Nc2 Kg3 75. Ne3 Nb5 76. Nf5+ Kf4 77. Ng7 Nd4+ 78. Kf2 g4 79. Nh5+ Kg5 80. fxg4
c4 81. Ke3 c3 82. Ng7 c2 83. Kd2 Kxg4 84. Ne8 Kf4 85. Nd6 Kf3 86. Ne8 Kxe4 87.
Nd6+ Kf4 88. Nc4 e4 89. Nb2 e3+ 90. Kc1 Ke4 0-1

[Event "Barcelona GM 2016"]
[Site "Barcelona ESP"]
[Date "2016.10.27"]
[Round "6.3"]
[White "Munoz, Miguel"]
[Black "Peralta, Fernando"]
[Result "0-1"]
[WhiteTitle "GM"]
[BlackTitle "GM"]
[WhiteElo "2471"]
[BlackElo "2577"]
[WhiteFideId "3800229"]
[BlackFideId "105309"]
[EventDate "2016.10.22"]

1. e4 e6 2. d4 d5 3. Nd2 c5 4. dxc5 Bxc5 5. Bd3 Nf6 6. Qe2 Nc6 7. Ngf3 Qc7 8.
O-O O-O 9. e5 Ng4 10. Nb3 Bb6 11. Bxh7+ Kxh7 12. Ng5+ Kg8 13. Qxg4 Nxe5 14. Qd1
f6 15. Nh3 Nc4 16. Nf4 Qf7 17. Kh1 e5 18. Ne2 Be6 19. f4 Qh5 20. f5 Bf7 21. h3
d4 22. Kh2 Rad8 23. g4 Qh4 24. Qe1 Qxe1 25. Rxe1 a5 0-1

[Event "Barcelona GM 2016"]
[Site "Barcelona ESP"]
[Date "2016.10.27"]
[Round "6.4"]
[White "Zvjaginsev, Vadim"]
[Black "Naiditsch, Arkadij"]
[Result "1/2-1/2"]
[WhiteTitle "GM"]
[BlackTitle "GM"]
[WhiteElo "2673"]
[BlackElo "2684"]
[WhiteFideId "4113403"]
[BlackFideId "4650891"]
[EventDate "2016.10.22"]

1. e4 c5 2. Nf3 d6 3. Bb5+ Bd7 4. Qe2 Bxb5 5. Qxb5+ Qd7 6. Qxd7+ Nxd7 7. Nc3 Rc8
8. b3 g6 9. Bb2 Bg7 10. O-O-O Ngf6 11. Nd5 e5 12. Nxf6+ Nxf6 13. d3 Nh5 14. g3
f5 15. Nd2 O-O 16. Nc4 Rcd8 17. a4 Bh6+ 18. Kb1 Ng7 19. Rhe1 b6 20. h4 Kf7 21.
c3 Ne6 22. d4 fxe4 23. dxe5 d5 24. Nd6+ Ke7 25. Re2 Nc7 26. c4 dxc4 27. bxc4 Rf3
28. h5 e3 29. fxe3 Bxe3 30. Rd3 Rf1+ 31. Kc2 Bg1 32. hxg6 hxg6 33. Nb5 Rxd3 34.
Kxd3 Nxb5 35. axb5 Ke6 36. Rd2 Re1 37. Kc2 g5 38. g4 Re4 39. Rd6+ Ke7 40. Kd3
Re3+ 41. Kc2 Re4 42. Kd3 Rxg4 43. Rg6 Bd4 44. Bxd4 Rxd4+ 45. Kc3 g4 46. Rf6 Rd1
47. Rg6 Rg1 48. Kd3 Kf7 49. Rf6+ Kg7 50. Ke2 g3 51. Rf4 g2 52. Rg4+ Kf7 53. Kf2
Rd1 54. Kxg2 Ke6 55. Kf3 Kxe5 56. Ke3 Rd7 57. Re4+ Kf6 58. Rh4 Kg5 59. Re4 Kf5
60. Rf4+ Ke6 61. Re4+ Kf7 62. Rh4 Ke7 63. Rh7+ Kd6 64. Rxd7+ Kxd7 65. Kd3 Kc7
66. Kc3 Kb7 67. Kb3 a5 68. bxa6+ Kxa6 69. Ka4 Ka7 70. Ka3 Kb8 71. Kb2 Kc7 72.
Kc3 Kd7 73. Kd3 Kd6 74. Kd2 Ke6 75. Ke2 Ke5 1/2-1/2

[Event "Barcelona GM 2016"]
[Site "Barcelona ESP"]
[Date "2016.10.28"]
[Round "7.1"]
[White "Asis Gargatagli, Hipolito"]
[Black "Munoz, Miguel"]
[Result "1/2-1/2"]
[WhiteTitle "IM"]
[BlackTitle "GM"]
[WhiteElo "2499"]
[BlackElo "2471"]
[WhiteFideId "2260735"]
[BlackFideId "3800229"]
[EventDate "2016.10.22"]

1. e4 c5 2. Nf3 Nc6 3. d4 cxd4 4. Nxd4 e5 5. Nb5 a6 6. Nd6+ Bxd6 7. Qxd6 Qf6 8.
Qa3 Nge7 9. Nc3 Rb8 10. Be3 b5 11. Qb3 Nd4 12. Bxd4 exd4 13. Nd5 Nxd5 14. Qxd5
Bb7 15. Qf5 Qe7 16. O-O-O Bxe4 17. Qf4 O-O 18. Rxd4 d5 19. f3 Qc5 20. Rd2 Bg6
21. Qd4 Qc7 22. Bd3 Rbd8 23. g3 Rfe8 24. Rhd1 Bxd3 25. Rxd3 Re2 26. R3d2 Re6 27.
Qf2 Qc6 28. Rd4 h6 29. f4 Rde8 30. R4d2 Re4 31. Qf3 Qe6 32. f5 Qf6 33. Rxd5 Re2
34. h4 R8e3 35. Qf4 Re4 36. Qf3 R4e3 37. Qf4 Re4 38. Qf3 R4e3 39. Qf4 Qe7 40.
Qf3 Qf6 41. Qf4 Re4 42. Qf3 R4e3 43. Qf4 Re4 44. Qf3 R4e3 45. Qf4 Re4 46. Qf3
R4e3 1/2-1/2

[Event "Barcelona GM 2016"]
[Site "Barcelona ESP"]
[Date "2016.10.28"]
[Round "7.2"]
[White "Naiditsch, Arkadij"]
[Black "Lopez Martinez, Josep Manuel"]
[Result "0-1"]
[WhiteTitle "GM"]
[BlackTitle "GM"]
[WhiteElo "2684"]
[BlackElo "2547"]
[WhiteFideId "4650891"]
[BlackFideId "2212943"]
[EventDate "2016.10.22"]

1. e4 e5 2. Nf3 Nc6 3. Bb5 a6 4. Ba4 Nf6 5. O-O Be7 6. d3 d6 7. c3 O-O 8. Re1
Nd7 9. Be3 Nb6 10. Bb3 Kh8 11. a4 f5 12. a5 f4 13. Bc1 Nd7 14. d4 Bf6 15. Be6
Qe8 16. Bh3 g5 17. d5 Nd8 18. Bf5 Nf7 19. g4 h5 20. h3 Nh6 21. Nfd2 hxg4 22.
hxg4 Kg7 23. c4 Rh8 24. Nc3 Nc5 25. f3 Nxf5 26. exf5 Bxf5 27. Kg2 Qg6 28. gxf5
Qxf5 29. Rg1 Nd3 30. Kf1 Rh2 31. Rg4 Nf2 32. Qe2 Nxg4 33. fxg4 Qh7 34. Qf3 Rh3
35. Qe4 Qh4 36. Qf5 Re3 37. Nce4 Re1+ 38. Kg2 Qh1+ 0-1